Technology of food preservation / (Record no. 12191)
[ view plain ]
| 000 -LEADER | |
|---|---|
| fixed length control field | 00309cam a2200121ua 4500 |
| 082 ## - DEWEY DECIMAL CLASSIFICATION NUMBER | |
| Classification number | 664.028 |
| Item number | DES/TH |
| 100 ## - MAIN ENTRY--AUTHOR NAME | |
| Personal name | Norman, W Desrosier . |
| 245 ## - TITLE STATEMENT | |
| Title | Technology of food preservation / |
| 250 ## - EDITION STATEMENT | |
| Edition statement | 4 / |
| 260 ## - PUBLICATION, DISTRIBUTION, ETC. (IMPRINT) | |
| Place of publication | New Delhi : |
| Name of publisher | C B S Publishers & Distributers. |
| 300 ## - PHYSICAL DESCRIPTION | |
| Number of Pages | 558 ; . |
| 942 ## - ADDED ENTRY ELEMENTS (KOHA) | |
| Koha item type | Books |
| Withdrawn status | Lost status | Damaged status | Home library | Current library | Date acquired | Full call number | Accession Number | Koha item type | Collection code | Shelving location |
|---|---|---|---|---|---|---|---|---|---|---|
| KAUAET | KAUAET | 07/04/2012 | 664.028 | 16538 | Books | |||||
| KAUAET | KAUAET | 29/08/2022 | 664.028 DES/TH | 16537 | Books | General Books | General Stacks |
